[Event "KOS CupT"]
[Site "Pristina"]
[Date "2017.11.26"]
[Round "5.2"]
[White "Vrella, Hysen"]
[Black "Zhdrella, Ferit"]
[Result "1-0"]
[WhiteElo "2014"]
[BlackElo "1955"]
[PlyCount "45"]
[EventDate "2017.11.11"]
[EventType "team-tourn"]
[EventRounds "7"]
[EventCountry "KOS"]
[SourceTitle "EXT 2019"]
[Source "ChessBase"]
[SourceDate "2018.10.10"]
[SourceVersion "1"]
[SourceVersionDate "2018.10.10"]
[SourceQuality "1"]
[WhiteTeam "Ferizaji"]
[BlackTeam "Hyzri Talla"]
[WhiteTeamCountry "KOS"]
[BlackTeamCountry "KOS"]

1. e4 c6 2. d4 d5 3. Nd2 dxe4 4. Nxe4 Bf5 5. Ng3 Bg6 6. h4 h6 7. Nf3 Nd7 8. h5 Bh7 9. Bd3 Bxd3 10. Qxd3 e6 11. Bf4 Qa5+ 12. Bd2 Bb4 13. Ne4 Bxd2+ 14. Nfxd2 Ke7 15. Qg3 Ngf6 16. Qd6+ Ke8 17. c3 Nxe4 18. Nxe4 Qd5 19. Qf4 f5 20. Nd2 Nf6 21. 0-0-0 Rd8 22. f3 Kf7 23. g4 1-0

[Event "KOS-ch"]
[Site "Pristina"]
[Date "2017.09.30"]
[Round "7"]
[White "Saraci, Osman"]
[Black "Vrella, Hysen"]
[Result "1-0"]
[WhiteElo "2078"]
[BlackElo "2029"]
[PlyCount "55"]
[EventDate "2017.09.16"]
[EventType "tourn"]
[EventRounds "11"]
[EventCountry "KOS"]
[SourceTitle "EXT 2019"]
[Source "ChessBase"]
[SourceDate "2018.10.10"]
[SourceVersion "1"]
[SourceVersionDate "2018.10.10"]
[SourceQuality "1"]

1. e4 c5 2. Nf3 Nc6 3. d4 cxd4 4. Nxd4 Nf6 5. Nc3 e6 6. Ndb5 d6 7. Bf4 e5 8. Bg5 a6 9. Bxf6 gxf6 10. Na3 b5 11. Nd5 Be6 12. c3 Be7 13. Nc2 0-0 14. Nce3 Kh8 15. Be2 Rg8 16. Bg4 Rb8 17. 0-0 Rg7 18. Qf3 Qd7 19. Bf5 Rd8 20. Rfd1 Bxf5 21. Nxf5 Rg6 22. Rd3 Qe6 23. Ndxe7 Nxe7 24. Rad1 Rg5 25. Rxd6 Rxd6 26. Rxd6 Rxf5 27. Rd8+ Ng8 28. exf5 1-0